Populačný vývoj v Slovenskej republike v roku 1994

Vývoj obyvateľstva v SR zodpovedá dlhodobým tendenciám vo vyspelých európskych štátoch. Je charakterizovaný poklesom pôrodnosti a nárastom úmrtnosti detí do 1 roka a mužov vo veku 35-54 rokov. Sobášnosť a rozvodovosť na Slovensku. Vnútorná a zahraničná migrácia obyvateľstva.

Salvato in:
Dettagli Bibliografici
Autore principale: Tirpák, M.
Altri autori: Adamica, František
Natura: Capitolo di libro
Lingua:slovacco
Soggetti:
Tags: Aggiungi Tag
Nessun Tag, puoi essere il primo ad aggiungerne!!

MARC

LEADER 00000naa a2200000 4500
001 r020290
005 20221129133832.0
041 0 |a slo 
044 |a CZ 
245 1 0 |a Populačný vývoj v Slovenskej republike v roku 1994  |c M. Tirpák, František Adamica 
520 |a Vývoj obyvateľstva v SR zodpovedá dlhodobým tendenciám vo vyspelých európskych štátoch. Je charakterizovaný poklesom pôrodnosti a nárastom úmrtnosti detí do 1 roka a mužov vo veku 35-54 rokov. Sobášnosť a rozvodovosť na Slovensku. Vnútorná a zahraničná migrácia obyvateľstva. 
610 2 0 |a vývoj populačný 
610 2 0 |a Slovensko 
610 2 0 |a 1994 
610 2 0 |a reprodukcia obyvateľstva 
610 2 0 |a pôrodnosť 
610 2 0 |a úmrtnosť 
610 2 0 |a štruktúra obyvateľstva 
610 2 0 |a migrácia 
610 2 0 |a hustota obyvateľstva 
100 1 |a Tirpák, M. 
700 1 |a Adamica, František